Συλλογικός κατάλογος περιοδικών στις ελληνικές επιστημονικές βιβλιοθήκες 1989
Αποθηκεύτηκε σε:
| Συλλογικό Έργο: | , |
|---|---|
| Μορφή: | Βιβλίο |
| Γλώσσα: | Greek |
| Δημοσίευση: |
Αθήνα :
Εθνικό Κέντρο Ερευνών, Εθνικό Κέντρο Τεκμηρίωσης,
|
| Θέματα: | |
| Ετικέτες: |
Προσθήκη ετικέτας
Δεν υπάρχουν, Καταχωρήστε ετικέτα πρώτοι!
|
MARC
| LEADER | 00000nam a2200000 i 4500 | ||
|---|---|---|---|
| 001 | 1/7187 | ||
| 008 | 960725s1989 gre d | ||
| 035 | |l 10016616 | ||
| 040 | |a GR-MY-UA |b gre |e aacr | ||
| 041 | 0 | |a gre | |
| 082 | 0 | |a Π 011.34 | |
| 110 | 2 | |a Εθνικό Ιδρυμα Ερευνών. | |
| 245 | 1 | 0 | |a Συλλογικός κατάλογος περιοδικών στις ελληνικές επιστημονικές βιβλιοθήκες 1989 / |c Γενική Γραμματεία Ερευνας και Τεχνολογίας. Εθνικό Ιδρυμα Ερευνών. Εθνικό Κέντρο Τεκμηρίωσης |
| 260 | |a Αθήνα : |b Εθνικό Κέντρο Ερευνών, |b Εθνικό Κέντρο Τεκμηρίωσης, | ||
| 300 | |a 462 σ. | ||
| 650 | 0 | 0 | |a Periodicals |x Bibliography |x Union lists. |
| 710 | 2 | |a Εθνικό Κέντρο Τεκμηρίωσης. | |
| 852 | |a INST |b CHIOS |e 20010724 |h 011.34 ΣΥΛ |p 005200011799 |q 005200011799 |t REF |y 23 | ||
| 852 | |a INST |b CHIOS |e 20010724 |h 011.34 ΣΥΛ |p 005200011800 |q 005200011800 |t REF |y 23 | ||
| 852 | |a INST |b LESVOS |e 19960725 |h 011.34 ΣΥΛ |p 005100022919 |q 005100022919 |t REF |y 23 | ||
| 852 | |a INST |b LESVOS |e 19960725 |h 011.34 ΣΥΛ |p 005100022920 |q 005100022920 |t REF |y 23 | ||
| 852 | |a INST |b RHODES |e 19991006 |h 011.34 ΣΥΛ |p 005400008815 |q 005400008815 |t REF |y 23 | ||
| 852 | |a INST |b RHODES |e 19991006 |h 011.34 ΣΥΛ |p 005400008820 |q 005400008820 |t REF |y 23 | ||
| 909 | |a Λ |b 015207 | ||
| 909 | |a Ρ |b 017623 | ||
| 909 | |a Ρ |b 017624 | ||
| 909 | |a Χ |b 013509 | ||
| 909 | |a Χ |b 013510 | ||
| 922 | |a 4ΔΩΡ |b 198920 |c ΔΩΡΕΑ | ||
| 970 | |a ΧΟΡΟΖΙΔΟΥ |b ΤΖΕΝΗ |z 1999/10/06 | ||